00521nam a2200181 a 4500001001300000003000900013005001700022008004100039020002300080082001700103245006000120260004800180300000900228500003500237505001000272650002500282710003200307nice12345678IN_TiNIC20260116013836.0050524s1997 vara grd 000 0 eng  a8185131 c45000a025.070bIND aDirectory of Indian Publishers and Distributors 1997-98 aVaranasibIndian Bibliographic Centrec1997 a462p aincludes index and biblioraphy2 aIndex aDirectory-Publishers2 aIndian Bibliographic Centre